000 01252cam a2200337 i 4500
999 _c2370
_d2370
001 .b56593417
003 OCoLC
005 20230502091108.0
008 120316s2009 enka c 000 0 eng d
020 _a9780141324913
035 _a(OCoLC)794192141
040 _aNLGGC
_cNLGGC
_dOCLCF
_dOCLCO
_dKH8
042 _anbic
082 0 4 _aFIC KIN
_222
100 1 _aKinney, Jeff.
_eAuthor
245 1 0 _aDiary of a wimpy kid :
_bRodrick rules /
_cby Jeff Kinney.
260 _aLondon :
_bPuffin,
_c2009.
300 _a216 p. :
_bill. ;
_c20 cm.
520 _aGreg Heffley tells about his summer vacation and his attempts to steer clear of trouble when he returns to middle school and tries to keep his older brother Rodrick from telling everyone about Greg's most humiliating experience of the summer.
650 0 _aMiddle schools
_vJuvenile fiction.
650 0 _aSchools
_vJuvenile fiction.
650 0 _aFamilies
_vJuvenile fiction.
650 0 _aDiaries
_vJuvenile fiction.
650 1 _aMiddle schools
_vFiction.
650 1 _aSchools
_vFiction.
650 1 _aFamily life
_vFiction.
650 1 _aDiaries
_vFiction.
650 1 _aHumorous stories.
773 0 8 _7nnam
_i(MP)
_tDiary of a wimpy kid
_g[b. ]
_w(NL-LeOCL)331800071.
942 _2ddc
_cFIC